|
|
|
|
| LEADER |
01996nam a2200289 u 4500 |
| 001 |
10016574 |
| 003 |
GR-PaULI |
| 005 |
20210117205007.0 |
| 008 |
881025m19791999us eng |
| 952 |
|
|
|0 0
|1 0
|2 ddc
|3 τ.3
|4 0
|6 Π_Σ_572_744000000000000_ENZ
|7 0
|9 165366
|a LISP
|b LISP
|c REF
|d 2016-04-24
|i 03712
|l 0
|o Π/Σ 572.744 ENZ
|p 025000112346
|r 2016-04-24 00:00:00
|t 1
|v 2016.00
|w 2016-04-24
|y BKN
|
| 952 |
|
|
|0 0
|1 0
|2 ddc
|3 τ.1
|4 0
|6 Π_Σ_572_744000000000000_ENZ
|7 0
|9 165367
|a LISP
|b LISP
|c REF
|d 2016-04-24
|i 03737
|l 0
|o Π/Σ 572.744 ENZ
|p 025000113362
|r 2016-04-24 00:00:00
|t 1
|v 2016.00
|w 2016-04-24
|y BKN
|
| 952 |
|
|
|0 0
|1 0
|2 ddc
|3 τ.2
|4 0
|6 Π_Σ_572_744000000000000_ENZ
|7 0
|9 165368
|a LISP
|b LISP
|c REF
|d 2016-04-24
|i 03738
|l 0
|o Π/Σ 572.744 ENZ
|p 025000112370
|r 2016-04-24 00:00:00
|t 1
|v 2016.00
|w 2016-04-24
|y BKN
|
| 952 |
|
|
|0 0
|1 0
|2 ddc
|3 τ.4
|4 0
|6 Π_Σ_572_744000000000000_ENZ
|7 0
|9 165370
|a LISP
|b LISP
|c REF
|d 2016-04-24
|i 37212
|l 0
|o Π/Σ 572.744 ENZ
|p 025000113811
|r 2016-04-24 00:00:00
|t 1
|v 2016.00
|w 2016-04-24
|y BKN
|
| 999 |
|
|
|c 103649
|d 103649
|
| 040 |
|
|
|a GR-PaULI
|c GR-PaULI
|b gre
|e AACR2
|
| 082 |
0 |
4 |
|a 572.744
|2 23
|
| 245 |
0 |
0 |
|a Enzyme kinetics and mechanism /
|c edited by Daniel L. Purich.
|
| 260 |
|
|
|a San Diego, CA :
|b Academic Press,
|c 1979-1999.
|
| 300 |
|
|
|a 5 τ. ;
|b
|c 23 εκ.
|
| 490 |
1 |
|
|a Methods in enzymology
|v 63-64, 87, 249, 308.
|
| 500 |
|
|
|a τ. 1. - xvii, 547 σ. - 1979 -- τ. 2. - xvii, 418 σ. - 1980 -- τ. 3. - xxi, 830 σ. - 1982 -- τ. 4. - xxv, 662 σ. - 1995 --
|
| 505 |
1 |
|
|a τ. 1. Initial rate and inhibitor methods -- τ. 2. Isotopic probes and complex enzyme systems -- τ. 3. Intermediates, stereochemistry, and rate studies -- τ. 4. Developments in enzyme dynamics -- τ. 5. Energetics of enzyme catalysis / edited by Vern L. Schramm, Daniel L. Purich.
|
| 700 |
1 |
|
|a Purich, Daniel L.
|9 117657
|e επιμελητής.
|
| 700 |
1 |
|
|a Schramm, Vern L.
|9 175559
|e επιμελητής.
|
| 830 |
|
0 |
|9 175521
|a Methods in enzymology
|v 63-64, 87, 249, 308.
|
| 942 |
|
|
|2 ddc
|c BKN
|
| 998 |
|
|
|c ΜΠΟΥΡΑΣ
|d 2019-05
|